Normal view MARC view

Entry Personal Name

Number of records used in: 1

001 - CONTROL NUMBER

  • control field: 1204909

003 - CONTROL NUMBER IDENTIFIER

  • control field: OSt

005 - DATE AND TIME OF LATEST TRANSACTION

  • control field: 20260324140553.0

008 - FIXED-LENGTH DATA ELEMENTS

  • fixed length control field: 260324|| aca||aabn | a|a d

040 ## - CATALOGING SOURCE

  • Original cataloging agency: OSt
  • Transcribing agency: OSt

100 ## - HEADING--PERSONAL NAME

  • Personal name: Allen G. Noble; Frank J. Costa; Ashok K. Dutt; Robert B. Kent

670 ## - SOURCE DATA FOUND

  • Source citation: Work cat.: (OSt)1807114: Allen G. Noble; Frank J. Costa; Ashok K. Dutt; Robert B. Kent, Regional Development and Planning for the 21st Century
Copyright @ Delhi University Library System